[Event "Stuttgarter Stadtmeisterschaft B"]
[Site "Ditzingen"]
[Date "2015.05.14"]
[Round "1.53"]
[White "Paulsen, Jonathan"]
[Black "Ustaosman, Hasan"]
[Result "1-0"]
[WhiteElo "1714"]
[BlackElo "1145"]
[PlyCount "77"]
[EventDate "2015.??.??"]
[WhiteTeam "SC Stetten a.d.F."]
[BlackTeam "TSG Steinheim"]

1. e4 Nf6 2. d3 e5 3. d4 exd4 4. e5 Nd5 5. Qxd4 Nb6 6. Nf3 c5 7. Qd1 Be7 8. Nc3
d5 9. exd6 Bxd6 10. Bg5 f6 11. Be3 O-O 12. Ne4 Be7 13. Bxc5 Re8 14. Qxd8 Bxd8
15. O-O-O Bc7 16. Nd6 Bxd6 17. Rxd6 Be6 18. Bb5 Nc6 19. Nd4 Bf7 20. Nxc6 bxc6
21. Bxc6 Nc4 22. Rdd1 Rac8 23. Bxe8 Bxe8 24. Bxa7 Bg6 25. c3 Ne5 26. Bd4 Nd3+
27. Rxd3 Bxd3 28. Rd1 Bf5 29. b3 Kf7 30. Kb2 Ke6 31. Be3 Ke5 32. a4 Be6 33. c4
g5 34. Rd4 h6 35. Kc3 f5 36. g3 Rc7 37. b4 Rf7 38. f4+ gxf4 39. Bxf4+ 1-0

[Event "Stuttgarter Stadtmeisterschaft B"]
[Site "Ditzingen"]
[Date "2015.05.14"]
[Round "1.57"]
[White "Pibernik, Dario"]
[Black "Gheng, Dominik"]
[Result "1/2-1/2"]
[WhiteElo "1525"]
[BlackElo "1771"]
[PlyCount "51"]
[EventDate "2015.??.??"]
[WhiteTeam "SV Schorndorf"]
[BlackTeam "Schach-Kids Bernhausen e.V."]

1. e4 e5 2. Nf3 Nc6 3. Bc4 Bc5 4. Nc3 Nf6 5. d3 d6 6. h3 h6 7. O-O O-O 8. Na4
Na5 9. Nxc5 Nxc4 10. Nxb7 Bxb7 11. dxc4 Nxe4 12. Be3 Qf6 13. Nd2 Qg6 14. Qg4
Qxg4 15. hxg4 Nxd2 16. Bxd2 Be4 17. c3 Bd3 18. Rfe1 Bxc4 19. Re4 Bd5 20. Ra4
Rfd8 21. Be3 a6 22. g5 h5 23. Rh4 g6 24. Kh2 Kg7 25. f4 exf4 26. Rxf4 {
Rest unleserlich (43.)} 1/2-1/2

[Event "Stuttgarter Stadtmeisterschaft B"]
[Site "Ditzingen"]
[Date "2015.05.14"]
[Round "2.1"]
[White "Kaufhold, Stephan"]
[Black "Götzfried, Alexander"]
[Result "1/2-1/2"]
[WhiteElo "1768"]
[BlackElo "1893"]
[PlyCount "58"]
[EventDate "2015.??.??"]
[WhiteTeam "SV Leonberg 1978 eV"]
[BlackTeam "Stuttgarter SF 1879"]

1. d4 Nf6 2. c4 g6 3. Nc3 Bg7 4. Nf3 d6 5. Bg5 Nbd7 6. e4 c5 7. d5 Qa5 8. Bd3
Ng4 9. Bd2 Nde5 10. Be2 O-O 11. O-O Nxf3+ 12. Bxf3 Ne5 13. Be2 Qb6 14. Rb1 f5
15. f4 Nf7 16. Bd3 Nh6 17. h3 fxe4 18. Bxe4 Nf5 19. Kh2 Qa6 20. g4 Bxc3 21.
gxf5 Bxd2 22. Qxd2 Qxc4 23. Rbe1 Bxf5 24. b3 Qd4 25. Qxd4 cxd4 26. Bxf5 Rxf5
27. Rxe7 Rxd5 28. Rc1 Rc5 29. Rd1 Rd5 1/2-1/2

[Event "Stuttgarter Stadtmeisterschaft B"]
[Site "Ditzingen"]
[Date "2015.05.14"]
[Round "2.2"]
[White "Dreyer, Andre"]
[Black "Schreiber, Stephan"]
[Result "1-0"]
[WhiteElo "1891"]
[BlackElo "1767"]
[PlyCount "83"]
[EventDate "2015.??.??"]
[WhiteTeam "SV Stockenhausen-Frommern"]
[BlackTeam "SC Botnang"]

1. d4 e5 2. dxe5 Nc6 3. Nf3 Qe7 4. Qd5 Nb4 5. Qd2 Qc5 6. Nc3 Ne7 7. a3 Nbd5 8.
Nxd5 Qxd5 9. Qxd5 Nxd5 10. c4 Nb6 11. b3 d5 12. exd6 Bxd6 13. Bb2 O-O 14. e3
Bg4 15. Be2 Rad8 16. Nd4 Bxe2 17. Nxe2 Rd7 18. O-O-O Rfd8 19. Nc3 Be5 20. f4
Bf6 21. Rxd7 Rxd7 22. Rd1 Bxc3 23. Bxc3 Kf8 24. Ba5 Rxd1+ 25. Kxd1 Na8 26. e4
Ke7 27. Kd2 b6 28. Bc3 g6 29. Ke3 a6 30. f5 f6 31. fxg6 hxg6 32. Kf4 c6 33. e5
f5 34. Kg5 Kf7 35. e6+ Kxe6 36. Kxg6 Nc7 37. h4 f4 38. h5 Ke7 39. h6 Ne6 40.
Bf6+ Ke8 41. h7 Nf8+ 42. Kg7 1-0

[Event "Stuttgarter Stadtmeisterschaft B"]
[Site "Ditzingen"]
[Date "2015.05.14"]
[Round "2.3"]
[White "Paschmann, Stefan"]
[Black "Reichardt, Bernd"]
[Result "1/2-1/2"]
[WhiteElo "1881"]
[BlackElo "1750"]
[PlyCount "106"]
[EventDate "2015.??.??"]
[WhiteTeam "Krefelder Schachklub Turm 1851 e"]
[BlackTeam "SF Markgräflerland"]

1. d4 d5 2. Nf3 Nf6 3. Bf4 Nc6 4. e3 a6 5. c3 e6 6. Nbd2 Bd6 7. Ne5 Bxe5 8.
dxe5 Nd7 9. Nf3 h6 10. Qc2 g5 11. Bg3 Qe7 12. h3 Qf8 13. e4 Qg7 14. exd5 exd5
15. O-O-O Nb6 16. Bd3 Be6 17. Kb1 O-O-O 18. Bf5 Kb8 19. Rhe1 Nd7 20. Bxe6 fxe6
21. Nd4 Nxd4 22. cxd4 Qh7 23. f4 gxf4 24. Bxf4 Qxc2+ 25. Kxc2 c5 26. Be3 cxd4
27. Bxd4 Rhg8 28. g4 h5 29. Rg1 hxg4 30. Rxg4 Rxg4 31. hxg4 Rg8 32. Rg1 Kc7 33.
g5 Rg6 34. Be3 Kc6 35. Bf4 Nc5 36. Rh1 d4 37. Rh6 Rg7 38. b4 d3+ 39. Kd1 Ne4
40. Rxe6+ Kd5 41. Rb6 Rf7 42. Rf6 Nxf6 43. exf6 Ke4 44. Bd2 Kf5 45. Be3 Kg6 46.
Kd2 Rd7 47. a3 b5 48. Kc3 Rd5 49. Kd2 Kf7 50. Kc3 Kg6 51. Kd2 Kf7 52. Kc3 Kg6
53. Kd2 Kf7 1/2-1/2

[Event "Stuttgarter Stadtmeisterschaft B"]
[Site "Ditzingen"]
[Date "2015.05.14"]
[Round "2.4"]
[White "Jenner, Erik"]
[Black "Lüdke, Joshua"]
[Result "0-1"]
[WhiteElo "1760"]
[BlackElo "1823"]
[PlyCount "44"]
[EventDate "2015.??.??"]
[WhiteTeam "SV Schorndorf"]
[BlackTeam "SV Marbach"]

1. d4 d5 2. c4 c6 3. Nc3 Nf6 4. e3 e6 5. Nf3 Bd6 6. Bd3 Nbd7 7. O-O O-O 8. e4
dxe4 9. Nxe4 Nxe4 10. Bxe4 Nf6 11. Bd3 h6 12. b3 Qc7 13. Bb2 b6 14. Qe2 Bb7 15.
Rfe1 c5 16. h3 Nh5 17. Be4 Nf4 18. Qc2 Rad8 19. dxc5 Bxc5 20. Qc3 f6 21. Bxb7
Qxb7 22. Rad1 Ne2+ 0-1

[Event "Stuttgarter Stadtmeisterschaft B"]
[Site "Ditzingen"]
[Date "2015.05.14"]
[Round "2.5"]
[White "Wezel, Sebastian"]
[Black "Hartmann, Christian"]
[Result "1-0"]
[WhiteElo "1866"]
[BlackElo "1744"]
[PlyCount "147"]
[EventDate "2015.??.??"]
[WhiteTeam "SV Dettingen Erms"]
[BlackTeam "SC Tarrasch München"]

1. e4 e5 2. Nf3 Nc6 3. Bc4 Bc5 4. c3 Nf6 5. d3 a6 6. h3 Ba7 7. Bb3 d6 8. Qe2 h6
9. Nbd2 Be6 10. Bc2 Ne7 11. Nf1 Ng6 12. Ng3 Qc8 13. d4 c5 14. Be3 Nf4 15. Bxf4
exf4 16. Nf5 Bxf5 17. exf5+ Kf8 18. O-O cxd4 19. cxd4 Qd7 20. Qd2 Nh5 21. Rfe1
Re8 22. Qb4 Rxe1+ 23. Rxe1 Kg8 24. Be4 Kh7 25. Qxb7 Nf6 26. Qxd7 Nxd7 27. Bd5
Nf6 28. Bxf7 Rf8 29. Re7 Bb8 30. d5 Rc8 31. Rb7 Rc1+ 32. Kh2 Bc7 33. Rb4 Rc2
34. Rxf4 Rxb2 35. Rc4 Rb7 36. Nd4 Nd7 37. Ne6 Nc5 38. Rg4 Nxe6 39. Bg6+ Kg8 40.
fxe6 Bd8 41. Rc4 Rb8 42. Rc6 a5 43. a4 Kf8 44. Bd3 Ke7 45. Bb5 Bb6 46. Kg3 g5
47. f3 Bd8 48. h4 Kf6 49. hxg5+ hxg5 50. Rc1 Be7 51. Rc7 Rh8 52. Ra7 Rh7 53.
Rxa5 Bd8 54. Ra8 Bb6 55. a5 Bc5 56. a6 Rg7 57. Rf8+ Ke7 58. Rb8 Kf6 59. Rb7
Rxb7 60. axb7 Ba7 61. Kg4 Bb8 62. g3 Bc7 63. f4 gxf4 64. gxf4 Bb8 65. f5 Bc7
66. Kf4 Bb8 67. Ke4 Ba7 68. Kd3 Bb8 69. Kc4 Ke7 70. Bd7 Bc7 71. Kb5 Bb8 72. Kb6
Kf6 73. Bb5 Ke7 74. Kc6 1-0

[Event "Stuttgarter Stadtmeisterschaft B"]
[Site "Ditzingen"]
[Date "2015.05.14"]
[Round "2.6"]
[White "Günay, Nuri"]
[Black "Lehmann, Stefan"]
[Result "0-1"]
[WhiteElo "1742"]
[BlackElo "1864"]
[PlyCount "54"]
[EventDate "2015.??.??"]
[WhiteTeam "SK Sachsenheim"]
[BlackTeam "Ssg Fils-Lauter e. V."]

1. d4 Nf6 2. c4 g6 3. Nc3 d5 4. cxd5 Nxd5 5. e4 Nxc3 6. bxc3 Bg7 7. Bc4 c5 8.
Ne2 Nc6 9. Be3 O-O 10. O-O Qc7 11. e5 Rd8 12. Qb3 Na5 13. Qa4 cxd4 14. cxd4
Nxc4 15. Rac1 Nb6 16. Qa5 Qb8 17. e6 fxe6 18. Bf4 e5 19. Bxe5 Bxe5 20. dxe5 Rd5
21. Rc5 Qxe5 22. Rxd5 Qxd5 23. Qb4 Qd6 24. Qb3+ Be6 25. Qe3 Nd5 26. Qh6 Nf6 27.
Nf4 Bf7 0-1

[Event "Stuttgarter Stadtmeisterschaft B"]
[Site "Ditzingen"]
[Date "2015.05.14"]
[Round "2.7"]
[White "Zaytsev, Evgeny"]
[Black "Florin, Jon"]
[Result "0-1"]
[WhiteElo "1736"]
[BlackElo "1858"]
[PlyCount "98"]
[EventDate "2015.??.??"]
[WhiteTeam "Stuttgarter SF"]

1. e4 e6 2. d4 b6 3. Nc3 Bb7 4. g3 Nf6 5. Bg2 Bb4 6. d5 Qe7 7. Nge2 exd5 8.
exd5 d6 9. O-O O-O 10. a3 Bxc3 11. Nxc3 Nbd7 12. Re1 Qd8 13. Bg5 h6 14. Bf4 a6
15. b4 Re8 16. h3 Rxe1+ 17. Qxe1 Qe8 18. Qd2 Qf8 19. g4 Re8 20. Re1 Rxe1+ 21.
Qxe1 b5 22. Bg3 Nb6 23. Qd1 Qa8 24. h4 Nbxd5 25. Nxd5 Bxd5 26. f3 Nxg4 27. fxg4
Bxg2 28. g5 Bh3 29. Qd2 hxg5 30. hxg5 Qf3 31. Kh2 Bf5 32. c3 Be4 33. Bf4 Qh1+
34. Kg3 Qg1+ 35. Kh4 Bf5 36. Qe2 Qh1+ 37. Bh2 Be6 38. g6 Qd5 39. gxf7+ Bxf7 40.
Qg4 Be6 41. Qg5 Qe4+ 42. Kg3 Qe1+ 43. Kg2 Qe4+ 44. Kf2 Qc2+ 45. Kg1 Qd1+ 46.
Kf2 Qc2+ 47. Kg1 Qxc3 48. Qg6 Qe3+ 49. Kf1 Bh3+ 0-1

[Event "Stuttgarter Stadtmeisterschaft B"]
[Site "Ditzingen"]
[Date "2015.05.14"]
[Round "2.8"]
[White "Richter, Nils"]
[Black "Häfele, Torsten"]
[Result "1/2-1/2"]
[WhiteElo "1735"]
[BlackElo "1855"]
[PlyCount "112"]
[EventDate "2015.??.??"]
[WhiteTeam "TSV/RSK Esslingen"]
[BlackTeam "SF Illingen"]

1. e4 e6 2. d4 d5 3. Nc3 h6 4. f4 Nc6 5. Nf3 Nf6 6. e5 Ne4 7. Bd3 Bb4 8. Bd2
Bxc3 9. bxc3 Nxd2 10. Qxd2 Na5 11. Qe2 Qe7 12. a3 O-O 13. O-O c5 14. Qe1 Nc4
15. a4 b6 16. Nd2 Nxd2 17. Qxd2 cxd4 18. cxd4 Qc7 19. Rf3 f5 20. Rc1 Qd8 21. c4
Ba6 22. cxd5 Bxd3 23. Rxd3 Qxd5 24. Rc7 Rf7 25. Rdc3 Rd8 26. R7c4 Rfd7 27. Qe3
Qa5 28. h3 b5 29. axb5 Qxb5 30. Rc8 Qb6 31. Rxd8+ Rxd8 32. Rc4 a5 33. Kh2 Qb5
34. Qc3 Qb6 35. Qe3 Rd7 36. Qc3 Kf7 37. Ra4 Rd5 38. Rc4 Ke7 39. Rc7+ Rd7 40.
Qa3+ Qb4 41. Rxd7+ Kxd7 42. Qg3 Qe7 43. Qb3 Qb4 44. Qg3 Qxd4 45. Qxg7+ Kc6 46.
Qxh6 Kd5 47. Qh4 a4 48. Qg3 Kc4 49. Qf3 Qe4 50. Qf1+ Qd3 51. Qc1+ Kb3 52. Qc6
Qc4 53. Qf3+ Kb4 54. Qb7+ Qb5 55. Qe7+ Qc5 56. Qb7+ Kc4 1/2-1/2

[Event "Stuttgarter Stadtmeisterschaft B"]
[Site "Ditzingen"]
[Date "2015.05.14"]
[Round "2.9"]
[White "Ellinger, Harald"]
[Black "Mayer, Dietmar"]
[Result "1/2-1/2"]
[WhiteElo "1854"]
[BlackElo "1730"]
[PlyCount "72"]
[EventDate "2015.??.??"]
[WhiteTeam "SK Gerlingen"]
[BlackTeam "SC Böblingen"]

1. Nf3 Nf6 2. d4 c5 3. e3 b6 4. c4 g6 5. Nc3 Bg7 6. d5 d6 7. Bd3 e5 8. e4 O-O
9. h3 Ne8 10. Bd2 h6 11. Qc2 Kh7 12. O-O-O Na6 13. a3 Nac7 14. Nh2 a6 15. Rdf1
Bd7 16. Nb1 b5 17. Kd1 bxc4 18. Bxc4 Nf6 19. g4 Ng8 20. a4 Qb8 21. Bc3 Qb6 22.
Nf3 Rfb8 23. Nfd2 Rf8 24. Ba2 Ne8 25. Nc4 Qd8 26. Ba5 Qe7 27. Nbd2 f5 28. f3
fxe4 29. Nxe4 Ngf6 30. Nb6 Rb8 31. Bc4 Qf7 32. Bxa6 Rxb6 33. Bxb6 Nxd5 34. Bxc5
dxc5 35. Qd3 Bxa4+ 36. b3 Bc6 1/2-1/2

[Event "Stuttgarter Stadtmeisterschaft B"]
[Site "Ditzingen"]
[Date "2015.05.14"]
[Round "2.10"]
[White "Kusch, Jacek"]
[Black "Behm, Wilfried"]
[Result "1-0"]
[WhiteElo "1720"]
[BlackElo "1844"]
[PlyCount "75"]
[EventDate "2015.??.??"]
[WhiteTeam "SV Urach"]
[BlackTeam "SV Stuttgart-Wolfbusch"]

1. e4 e6 2. d4 d5 3. Nc3 Nf6 4. Bg5 Bb4 5. a3 Bxc3+ 6. bxc3 h6 7. Bxf6 Qxf6 8.
e5 Qe7 9. Bd3 Nd7 10. Qg4 Qf8 11. c4 dxc4 12. Bxc4 Nb6 13. Bd3 Bd7 14. Nf3
O-O-O 15. O-O Nd5 16. Nd2 g5 17. Ne4 f5 18. exf6 e5 19. Qd1 exd4 20. Bc4 Nb6
21. Bb3 Bf5 22. f3 c5 23. Qe1 c4 24. Ba2 Rh7 25. Qa5 Bxe4 26. fxe4 Kb8 27. Rab1
Rd6 28. Qf5 Rf7 29. e5 Rd5 30. Qe6 Rd8 31. Bxc4 Nxc4 32. Qxc4 Rc7 33. Qb3 d3
34. e6 Qc5+ 35. Kh1 Qxc2 36. e7 Rdc8 37. Rbc1 Rd7 38. Rxc2 1-0

[Event "Stuttgarter Stadtmeisterschaft B"]
[Site "Ditzingen"]
[Date "2015.05.14"]
[Round "2.11"]
[White "Tölg, Wolfgang"]
[Black "Jäger, Hans-Ulrich"]
[Result "1/2-1/2"]
[WhiteElo "1720"]
[BlackElo "1838"]
[PlyCount "94"]
[EventDate "2015.??.??"]
[WhiteTeam "SF Oeffingen"]
[BlackTeam "SC Sillenbuch"]

1. e4 d6 2. d4 g6 3. f4 Bg7 4. Nf3 Nf6 5. e5 Nfd7 6. Bc4 Nb6 7. Bb3 O-O 8. O-O
d5 9. Nc3 e6 10. Ne2 Qe7 11. Bd2 c5 12. c3 Nc6 13. a3 Bd7 14. Be3 cxd4 15.
Nexd4 Na5 16. Bc2 Nbc4 17. Bc1 Rac8 18. Bd3 f6 19. b4 Nc6 20. Bxc4 dxc4 21. Be3
Rfd8 22. exf6 Bxf6 23. Qe2 Kg7 24. Rac1 a6 25. Rfe1 h6 26. Bf2 Nxd4 27. Nxd4
Re8 28. Nf3 Bc6 29. Ne5 Kh7 30. Bc5 Qg7 31. Qxc4 b6 32. Nxc6 Rxc6 33. Qxa6 Qc7
34. Be3 Rxc3 35. Qxb6 Qxb6 36. Bxb6 Rxa3 37. Rc7+ Re7 38. Rxe7+ Bxe7 39. Bc5
Bxc5+ 40. bxc5 Rc3 41. Re5 Kg7 42. g3 Kf6 43. Kg2 g5 44. h3 gxf4 45. gxf4 Kf7
46. h4 Kf6 47. Rh5 Kg6 1/2-1/2

[Event "Stuttgarter Stadtmeisterschaft B"]
[Site "Ditzingen"]
[Date "2015.05.14"]
[Round "2.12"]
[White "Tönjes, Jürgen"]
[Black "Fischer, Lothar"]
[Result "1-0"]
[WhiteElo "1838"]
[BlackElo "1717"]
[PlyCount "69"]
[EventDate "2015.??.??"]
[WhiteTeam "SF Lilienthal"]
[BlackTeam "SV Reutlingen"]

1. d4 Nf6 2. f3 d6 3. e4 Nbd7 4. Be3 e5 5. d5 Be7 6. c4 c6 7. Nc3 O-O 8. Bd3 c5
9. Nge2 Re8 10. Ng3 g6 11. Qd2 Rb8 12. Bh6 Bf8 13. h4 Bxh6 14. Qxh6 Nf8 15.
O-O-O a6 16. Nge2 Bd7 17. Rdg1 b5 18. g4 b4 19. Nd1 Kh8 20. h5 Ng8 21. Qd2 g5
22. Ng3 Nh6 23. Ne3 Qf6 24. Ngf5 Nxf5 25. gxf5 Qd8 26. Ng4 f6 27. Rg2 Qe7 28.
Rhg1 Bc8 29. Nxf6 Qxf6 30. Rxg5 Nd7 31. Rg6 hxg6 32. Qh6+ Kg8 33. Rxg6+ Qxg6
34. Qxg6+ Kf8 35. f6 1-0

[Event "Stuttgarter Stadtmeisterschaft B"]
[Site "Ditzingen"]
[Date "2015.05.14"]
[Round "2.13"]
[White "Rühl, Volker"]
[Black "Paulsen, Jonathan"]
[Result "1/2-1/2"]
[WhiteElo "1830"]
[BlackElo "1714"]
[PlyCount "48"]
[EventDate "2015.??.??"]
[WhiteTeam "VfL Sindelfingen"]
[BlackTeam "SC Stetten a.d.F."]

1. e4 e5 2. Nf3 Nc6 3. Bb5 d6 4. d4 exd4 5. Nxd4 Bd7 6. Be3 g6 7. Nd2 Bg7 8. c3
Nge7 9. Nc2 O-O 10. O-O d5 11. f4 dxe4 12. Nxe4 Ne5 13. Bxd7 Nxd7 14. Qd3 Nf6
15. Rad1 Qxd3 16. Nxf6+ Bxf6 17. Rxd3 Rad8 18. Rfd1 Nc6 19. Nd4 Nxd4 20. Bxd4
Bxd4+ 21. Rxd4 Rxd4 22. Rxd4 Re8 23. Kf2 Re7 24. a4 a6 1/2-1/2

[Event "Stuttgarter Stadtmeisterschaft B"]
[Site "Ditzingen"]
[Date "2015.05.14"]
[Round "2.14"]
[White "Jantos, Stefan"]
[Black "Goda, Frederic"]
[Result "1-0"]
[WhiteElo "1825"]
[BlackElo "1705"]
[PlyCount "37"]
[EventDate "2015.??.??"]
[WhiteTeam "SF Oeffingen"]
[BlackTeam "SC Weiße Dame Ulm"]

1. e4 c5 2. Nc3 d6 3. f4 Nf6 4. Nf3 a6 5. Be2 e6 6. O-O Nbd7 7. b3 Be7 8. Bb2
Qc7 9. Qe1 b5 10. e5 Nh5 11. Ng5 Nxf4 12. Nxf7 Rf8 13. Nxd6+ Bxd6 14. exd6
Nxe2+ 15. Qxe2 Qxd6 16. Ne4 Qe7 17. Rxf8+ Qxf8 18. Qh5+ Kd8 19. Rf1 1-0

[Event "Stuttgarter Stadtmeisterschaft B"]
[Site "Ditzingen"]
[Date "2015.05.14"]
[Round "2.15"]
[White "Hornung, Richard"]
[Black "Kleih, Julian"]
[Result "1/2-1/2"]
[WhiteElo "1716"]
[BlackElo "1823"]
[PlyCount "56"]
[EventDate "2015.??.??"]
[WhiteTeam "SG Schwabing München"]
[BlackTeam "SV Dettingen Erms"]

1. Nf3 Nf6 2. d4 e6 3. e3 b6 4. Be2 Bb7 5. O-O Be7 6. c4 O-O 7. Nc3 d5 8. b3
Bb4 9. Bb2 Bxc3 10. Bxc3 Ne4 11. Bb2 Nd7 12. Ne5 Ndf6 13. f3 Nd6 14. c5 Nf5 15.
Qd2 c6 16. Bd3 Ne7 17. Rac1 Nd7 18. Qc2 f5 19. Qd2 Qc7 20. b4 Nxe5 21. dxe5 a5
22. a3 Ba6 23. cxb6 Qxb6 24. Bd4 Qc7 25. b5 Bb7 26. f4 Qd8 27. Bc5 cxb5 28.
Bxb5 Ba6 1/2-1/2

[Event "Stuttgarter Stadtmeisterschaft B"]
[Site "Ditzingen"]
[Date "2015.05.14"]
[Round "2.16"]
[White "Kelemen, Alexander"]
[Black "Bender, Jonas"]
[Result "1-0"]
[WhiteElo "1688"]
[BlackElo "1814"]
[PlyCount "33"]
[EventDate "2015.??.??"]
[WhiteTeam "SC Weiße Dame Ulm"]
[BlackTeam "SV Stuttgart-Wolfbusch"]

1. d4 Nf6 2. c4 e6 3. Nf3 b6 4. g3 Bb7 5. Bg2 Bb4+ 6. Bd2 Be7 7. O-O Ne4 8. Bf4
f5 9. Qc2 Na6 10. a3 c5 11. Rd1 O-O 12. Nc3 cxd4 13. Nxd4 Nac5 14. Nxe4 fxe4
15. b4 g5 16. bxc5 gxf4 17. Nxe6 1-0

[Event "Stuttgarter Stadtmeisterschaft B"]
[Site "Ditzingen"]
[Date "2015.05.14"]
[Round "2.17"]
[White "Hahn, Martin"]
[Black "Pfeilsticker, Thorsten"]
[Result "1/2-1/2"]
[WhiteElo "1809"]
[BlackElo "1663"]
[PlyCount "55"]
[EventDate "2015.??.??"]
[WhiteTeam "SF Oeffingen e.V."]
[BlackTeam "SV Stuttgart-Wolfbusch"]

1. b3 b5 2. e3 Bb7 3. Nf3 a6 4. Bb2 e6 5. a4 b4 6. Be2 Nf6 7. O-O c5 8. d4 cxd4
9. Qxd4 Qc7 10. c4 Nc6 11. Qd3 Ng4 12. Nbd2 Nce5 13. Bxe5 Nxe5 14. Nxe5 Qxe5
15. Bf3 Bxf3 16. Nxf3 Qc7 17. Rfd1 Bc5 18. Ng5 a5 19. Ra2 h6 20. Ne4 Be7 21.
Rad2 f5 22. Nd6+ Bxd6 23. Qxd6 Qxd6 24. Rxd6 Ra7 25. f3 Ke7 26. Kf2 Rc8 27. h4
Rc6 28. Rxc6 1/2-1/2

[Event "Stuttgarter Stadtmeisterschaft B"]
[Site "Ditzingen"]
[Date "2015.05.14"]
[Round "2.18"]
[White "Longo, Massimo"]
[Black "Muench, Werner"]
[Result "1-0"]
[WhiteElo "1580"]
[BlackElo "1804"]
[PlyCount "49"]
[EventDate "2015.??.??"]
[WhiteTeam "SK Germering"]
[BlackTeam "SC Widdern"]

1. d4 d5 2. c4 c6 3. Nc3 Nf6 4. Bg5 Ne4 5. Nxe4 dxe4 6. Bf4 Nd7 7. Qd2 Nf6 8.
e3 g6 9. Ne2 Bg7 10. Nc3 Nh5 11. Bg3 Nxg3 12. hxg3 f5 13. Be2 Be6 14. g4 Bd7
15. gxf5 gxf5 16. Bh5+ Kf8 17. O-O-O e6 18. f3 exf3 19. gxf3 Qf6 20. Kb1 Be8
21. Ne2 e5 22. d5 Rd8 23. e4 f4 24. Qb4+ Qe7 25. d6 1-0

[Event "Stuttgarter Stadtmeisterschaft B"]
[Site "Ditzingen"]
[Date "2015.05.14"]
[Round "2.19"]
[White "Haro, Niel"]
[Black "Bälz, Jürgen"]
[Result "0-1"]
[WhiteElo "1531"]
[BlackElo "1802"]
[PlyCount "102"]
[EventDate "2015.??.??"]
[WhiteTeam "Stuttgarter SF"]
[BlackTeam "TSV Willsbach"]

1. d4 Nf6 2. c4 e6 3. Nf3 b6 4. g3 Ba6 5. Nbd2 Bb7 6. Bg2 d5 7. Ne5 Be7 8. Qc2
O-O 9. h4 c5 10. e3 Nc6 11. Ndf3 cxd4 12. exd4 dxc4 13. Nxc6 Bxc6 14. O-O b5
15. Be3 Be4 16. Qd2 Nd5 17. a3 a5 18. Ne5 Bxg2 19. Kxg2 Qc7 20. Rfc1 Qb7 21.
Kh2 Bd6 22. f4 Rfd8 23. Qe2 Rac8 24. Bd2 Qa7 25. Nf3 Nf6 26. Bc3 Bc7 27. Ng5
Qb7 28. Re1 Qd5 29. Rad1 Rb8 30. Qd2 h6 31. Nh3 b4 32. axb4 axb4 33. Bxb4 Ne4
34. Rxe4 Qxe4 35. Bc3 Rb5 36. Re1 Qc6 37. Nf2 Ra8 38. Ne4 Ba5 39. Qg2 Rc8 40.
Qd2 Bxc3 41. Nxc3 Rb3 42. Rb1 Rcb8 43. Kh3 Qb7 44. Na4 Qf3 45. Rg1 R8b4 46. Nc5
Rxb2 47. Qe1 Qe2 48. Qa1 Qh2+ 49. Kg4 f5+ 50. Kh5 Kh7 51. Nxe6 g6# 0-1

[Event "Stuttgarter Stadtmeisterschaft B"]
[Site "Ditzingen"]
[Date "2015.05.14"]
[Round "2.20"]
[White "Rieder, Josef"]
[Black "De Oliveira Vasconcelos, Marcel B"]
[Result "1-0"]
[WhiteElo "1800"]
[BlackElo "1499"]
[PlyCount "95"]
[EventDate "2015.??.??"]
[WhiteTeam "Stuttgarter SF"]
[BlackTeam "SV Dicker Turm Esslingen"]

1. e4 c6 2. c4 d5 3. cxd5 cxd5 4. exd5 Nf6 5. Nc3 Nxd5 6. Nf3 Bf5 7. Bb5+ Nc6
8. O-O e6 9. Nd4 Nxc3 10. dxc3 Be4 11. Qa4 Qc7 12. Nxe6 fxe6 13. Qxe4 e5 14.
Bg5 Bd6 15. Qd5 h6 16. Bh4 g5 17. Bg3 O-O-O 18. Rad1 h5 19. h3 g4 20. h4 Ne7
21. Qe6+ Kb8 22. Rd2 Rhf8 23. Rfd1 Nf5 24. Bxe5 Bxe5 25. Rxd8+ Rxd8 26. Rxd8+
Qxd8 27. Qxe5+ Nd6 28. Ba4 Qb6 29. c4 Qc7 30. Bb3 a6 31. c5 Nb5 32. Qxh5 Qf4
33. Qg5 Qd4 34. h5 Qxb2 35. h6 Qb1+ 36. Kh2 Nd4 37. Qd8+ Ka7 38. Qxd4 Qf5 39.
c6+ Kb8 40. Qe3 bxc6 41. Be6 Qh5+ 42. Kg1 g3 43. Qxg3+ Kb7 44. Qd6 Kb6 45. Bd7
Qa5 46. Qxc6+ Ka7 47. g3 Qxa2 48. Qc7+ 1-0

[Event "Stuttgarter Stadtmeisterschaft B"]
[Site "Ditzingen"]
[Date "2015.05.14"]
[Round "2.21"]
[White "Schröder, Stefan"]
[Black "Waibel, Christian"]
[Result "1/2-1/2"]
[WhiteElo "1791"]
[BlackElo "1481"]
[PlyCount "37"]
[EventDate "2015.??.??"]
[WhiteTeam "Airbus Helicopters Sportgemeinsc"]
[BlackTeam "SG Schwäbisch Gmünd 1872 e.V"]

1. d4 d5 2. Nf3 Nf6 3. e3 Bg4 4. c3 e6 5. Nbd2 Bd6 6. Bd3 Nbd7 7. O-O c5 8.
dxc5 Bxc5 9. e4 O-O 10. exd5 Nxd5 11. Qa4 N7f6 12. Ne5 Bh5 13. Ndf3 Rc8 14. Bg5
h6 15. Bh4 Bxf3 16. gxf3 Qc7 17. Ng4 Nxg4 18. fxg4 Bd6 19. Bg3 1/2-1/2

[Event "Stuttgarter Stadtmeisterschaft B"]
[Site "Ditzingen"]
[Date "2015.05.14"]
[Round "2.22"]
[White "Schröck, Holger"]
[Black "Pocrnic, Josip"]
[Result "1-0"]
[WhiteElo "1499"]
[BlackElo "1782"]
[PlyCount "53"]
[EventDate "2015.??.??"]
[WhiteTeam "TSV Heumaden"]
[BlackTeam "SF Conweiler"]

1. d4 d5 2. c4 c6 3. Nc3 Nf6 4. Nf3 e6 5. Bg5 Nbd7 6. cxd5 cxd5 7. e3 a6 8. Bd3
h6 9. Bf4 Be7 10. O-O O-O 11. Rc1 Ne8 12. Bb1 f5 13. Na4 Bd6 14. Bxd6 Nxd6 15.
Nc5 Re8 16. Qc2 Ne4 17. Nxd7 Bxd7 18. Qb3 Rb8 19. Bxe4 fxe4 20. Ne5 Bb5 21.
Rfd1 Rc8 22. a4 Be2 23. Re1 Qe7 24. Rc2 Rxc2 25. Qxc2 Bh5 26. Rc1 Qb4 27. g4
1-0

[Event "Stuttgarter Stadtmeisterschaft B"]
[Site "Ditzingen"]
[Date "2015.05.14"]
[Round "2.23"]
[White "Dendic, Amar"]
[Black "Baars, Mario"]
[Result "0-1"]
[WhiteElo "1449"]
[BlackElo "1771"]
[PlyCount "78"]
[EventDate "2015.??.??"]
[WhiteTeam "Stuttgarter SF 1879"]
[BlackTeam "SG Schwäbisch Gmünd 1872 e.V"]

1. e4 c6 2. Nf3 d5 3. Nc3 Bg4 4. h3 Bxf3 5. Qxf3 d4 6. Ne2 e5 7. Ng3 Nf6 8. Bc4
Nbd7 9. d3 Bb4+ 10. Ke2 O-O 11. a3 Be7 12. Nf5 b5 13. Nxe7+ Qxe7 14. Ba2 c5 15.
Re1 Nb6 16. Bg5 c4 17. Bxf6 gxf6 18. Rac1 Rac8 19. Rg1 Na4 20. Rb1 Rc6 21. Ke1
Rfc8 22. dxc4 bxc4 23. b3 Nc3 24. Ra1 Qxa3 25. bxc4 Qb4 26. Bb3 Nxe4+ 27. Ke2
Ng5 28. Qg4 Kf8 29. Rxa7 d3+ 30. Kd1 dxc2+ 31. Kxc2 Rxc4+ 32. Bxc4 Rxc4+ 33.
Kd3 Rc3+ 34. Kd2 Qb2+ 35. Ke1 Rc1+ 36. Qd1 Rxd1+ 37. Kxd1 Ne4 38. Rd7 Nc3+ 39.
Ke1 Qe2# 0-1

[Event "Stuttgarter Stadtmeisterschaft B"]
[Site "Ditzingen"]
[Date "2015.05.14"]
[Round "2.24"]
[White "Steinmassl, Guido"]
[Black "Meusel, Rolf"]
[Result "1-0"]
[WhiteElo "1636"]
[BlackElo "1884"]
[PlyCount "97"]
[EventDate "2015.??.??"]
[WhiteTeam "SK Gerlingen"]
[BlackTeam "SK Handschuhsheim"]

1. d4 e6 2. c4 d5 3. e3 Nf6 4. Nf3 dxc4 5. Bxc4 c5 6. O-O cxd4 7. Nxd4 Bd7 8.
Nd2 Nc6 9. N4f3 Qc7 10. e4 Rd8 11. a3 Be7 12. Qe2 e5 13. h3 O-O 14. Rd1 a6 15.
Nf1 Na5 16. Bd3 Ba4 17. Re1 Nb3 18. Rb1 Nc5 19. Bc2 Bb5 20. Qe3 Ne6 21. Qc3 Rc8
22. Ne3 Nd4 23. Nxd4 exd4 24. Qxc7 Rxc7 25. Nf5 Bc5 26. Bf4 Rd7 27. b4 Bb6 28.
Bb3 Rfd8 29. g4 Bd3 30. Rbd1 Bxe4 31. Nxg7 Kxg7 32. g5 Bf5 33. Be5 Kg6 34. Bxf6
Rc8 35. h4 d3 36. Rd2 Ba7 37. Kg2 h6 38. h5+ Kh7 39. Re5 Bg4 40. Bxf7 hxg5 41.
Bg6+ Kh6 42. Bxg5+ Kg7 43. Rxd3 Rxd3 44. Bxd3 Bxh5 45. Re7+ Kf8 46. Rxb7 Bd4
47. Bxa6 Rc3 48. Bh6+ Ke8 49. Bb5+ 1-0